| 000 | 00625nam a22001937a 4500 | ||
|---|---|---|---|
| 999 |
_c180180 _d180180 |
||
| 005 | 20210728113520.0 | ||
| 010 | _aB-740664 | ||
| 020 |
_a9780241188514 _c750.00 |
||
| 035 | _aB-740664 | ||
| 037 | _bGift | ||
| 082 | _a330.9 | ||
| 100 | _aSharma, Ruchir | ||
| 245 |
_aThe rise and fall of nations: _bforces of change in the post-crisis world _cby Ruchir Sharma |
||
| 260 |
_bPenguin Group _c2016 |
||
| 300 |
_axii, 464p. _c24cm(Hb) |
||
| 500 | _aincludes bibliographical references and index | ||
| 942 |
_2ddc _cEN _h330.9 _mSHA |
||